LEADER 05417nam 22007091 450 001 9910787652503321 005 20230803031738.0 024 7 $a10.1515/9783110298345 035 $a(CKB)2670000000433146 035 $a(EBL)990798 035 $a(OCoLC)858761729 035 $a(SSID)ssj0001122292 035 $a(PQKBManifestationID)11724210 035 $a(PQKBTitleCode)TC0001122292 035 $a(PQKBWorkID)11058764 035 $a(PQKB)11321954 035 $a(MiAaPQ)EBC990798 035 $a(DE-B1597)178986 035 $a(OCoLC)979637184 035 $a(DE-B1597)9783110298345 035 $a(Au-PeEL)EBL990798 035 $a(CaPaEBR)ebr10786159 035 $a(CaONFJC)MIL805961 035 $a(EXLCZ)992670000000433146 100 $a20131118h20132013 uy 0 101 0 $aeng 135 $aur|n|---||||| 181 $ctxt 182 $cc 183 $acr 200 00$aHandbook of flavoproteins$hVolume 2$iComplex flavoproteins, dehydrogenase and physical methods /$fedited by Russ Hille, Susan Miller, Bruce Palfey 210 1$aBerlin ;$aBoston :$cDe Gruyter,$d[2013] 210 4$d©2013 215 $a1 online resource (452 p.) 225 0 $aHandbook of Flavoproteins ;$vVolume 2 300 $aDescription based upon print version of record. 311 $a3-11-029834-1 311 $a3-11-029828-7 320 $aIncludes bibliographical references and index. 327 $t Frontmatter -- $tPreface -- $tContributing authors -- $tTable of contents -- $t1 The reaction mechanisms of Groups A and B flavoprotein monooxygenases / $rBallou, David P. / Entsch, Barrie -- $t2 Flavin-dependent monooxygenases in siderophore biosynthesis / $rRobinson, Reeder M. / Sobrado, Pablo -- $t3 The flavin monooxygenases / $rMontersino, Stefania / Berkel, Willem J. H. van -- $t4 Structure and catalytic mechanism of NADPH-cytochrome P450 oxidoreductase: a prototype of the diflavin oxidoreductase family of enzymes / $rKim, Jung-Ja P. / Shen, Anna L. / Xia, Chuanwu -- $t5 The xanthine oxidoreductase enzyme family: xanthine dehydrogenase , xanthine oxidase , and aldehyde oxidase / $rNishino, Takeshi / Okamoto, Ken / Eger, Bryan T. / Pai, Emil F. -- $t6 Assimilatory nitrate reductase / $rHille, Russ -- $t7 Succinate dehydrogenase (Complex II) and fumarate reductase / $rCecchini, Gary / Maklashina, Elena / Iverson, Tina M. -- $t8 Flavoprotein disulfide reductases and structurally related flavoprotein thiol/disulfide-linked oxidoreductases / $rMiller, Susan M. -- $t9 Flavoenzymes in pyrimidine metabolism / $rPalfey, Bruce A. -- $t10 Excited state electronic structure of flavins and flavoproteins from theory and experiment / $rKodali, Goutham / Stanley, Robert J. -- $t11 Structural properties of the alkanesulfonate monooxygenase system that dictate function / $rRobbins, John M. / Xiong, Jingyuan / Ellis, Holly R. -- $t12 Single molecule methods to study flavoproteins / $rGómez-Moreno, Carlos / Lostao, Anabel -- $t13 Applications of Saccharomyces pastorianus Old Yellow Enzyme to asymmetric alkene reductions / $rWalton, Adam Z. / Stewart, Jon D. -- $t14 Contributions of protein environment to the reduction potentials of flavin-containing proteins / $rIshikita, Hiroshi -- $t15 Methods based on continuum electrostatics and their application to flavoproteins - a review / $rUllmann, G. Matthias / Dumit, Verónica I. / Bombarda, Elisa -- $t16 Flavoproteins and blue light reception in plants / $rPaulus, Bernd / Bajzath, Csaba / Weber, Stefan / Schleicher, Erik -- $t17 Ultrafast dynamics of flavins and flavoproteins / $rLi, Jiang / Wang, Lijuan / Zhong, Dongping -- $tIndex 330 $aThe dynamic field of flavin and flavoprotein biochemistry has seen rapid advancement in recent years. This comprehensive two volume set provides an overview of all aspects of contemporary research in this important class of enzymes. Topics treated include flavoproteins involved in energy generation, signal transduction and electron transfer (including respiration); oxygen activation by flavoproteins; the biology and biochemistry of complex flavoproteins; flavin and flavoprotein photochemistry/photophysics as well as biotechnological applications of flavoproteins. Recent developments in this field include new structures (including those of large membrane-integral electron transfer complexes containing FMN or FAD), elucidation of the role of flavoproteins in cell signalling pathways (including both phototaxis and the circadian cycle) and important new insights into the reaction mechanisms of flavin-containing enzymes. This volume focusing on complex flavoproteins and physical methods is an essential reference for all researchers in biochemistry, chemistry, photochemistry and photophysics working on flavoenzymes. 606 $aFlavoproteins 606 $aOxidoreductases 610 $aBiochemistry. 610 $aFlavin. 610 $aFlavoproteins. 610 $aPhotochemistry. 610 $aPhotophysics. 615 0$aFlavoproteins. 615 0$aOxidoreductases. 676 $a572/.791 686 $aWD 5050$2rvk 701 $aHille$b Russ$01554121 701 $aMiller$b Susan$f1955 December 21-$01554122 701 $aPalfey$b Bruce$01554123 801 0$bMiAaPQ 801 1$bMiAaPQ 801 2$bMiAaPQ 906 $aBOOK 912 $a9910787652503321 996 $aHandbook of flavoproteins$93815172 997 $aUNINA LEADER 03018nam 2200469 450 001 9910808071703321 005 20230126220031.0 035 $a(CKB)4100000004976270 035 $a(MiAaPQ)EBC5448171 035 $a(EXLCZ)994100000004976270 100 $a20180731d2018 uy 0 101 0 $aeng 135 $aurcnu|||||||| 181 $ctxt$2rdacontent 182 $cc$2rdamedia 183 $acr$2rdacarrier 200 10$aSocioeconomic pragmatic variation $espeech acts and address forms in context /$fLarssyn Staley 210 1$aAmsterdam ;$aPhiladelphia :$cJohn Benjamins Publishing Company,$d[2018] 215 $a1 online resource (217 pages) 225 0 $aPragmatics & beyond new series (P&bns) ;$vVolume 291 311 $a90-272-0094-7 311 $a90-272-6392-2 320 $aIncludes bibliographical references. 327 $aVariational pragmatics -- Pragmatics and variation -- The Los Angeles restaurant study -- Shared characteristics of service encounter discourse -- Restaurant service encounter offers -- You're very welcome, you got it, yeah absolutely: Thanks responses in three socioeconomic settings -- Address forms in LARC. 330 $a"On a regular basis people encounter unfamiliar uses of pragmatic features, such as offers or requests with differing levels of directness or terms of address showing differing amounts of solidarity or deference. Variational pragmatics is the study of such uses, according to region, gender, age, ethnicity and socioeconomic status, among national and sub-national varieties of pluricentric languages. Despite the wide focus just outlined, this volume provides the first study of pragmatic variation across different social classes, using naturally occurring, interactional data. The discourse analyzed here was collected in over twenty restaurant service encounters spanning three price points. The aim of this study is two-fold: to provide a potential framework for how pragmatic variables and their context can be defined, using the concept of a communicative activity, and to investigate socioeconomic variation in pragmatics by taking offers, thanks responses and address forms as examples. This study contributes, both on a methodological and empirical level, to the growing body of research in variational pragmatics, as well as speech acts, terms of address, relational work and sociolinguistics"--$cProvided by publisher. 606 $aPragmatics$xSocial aspects 606 $aPragmatics$xVariation 606 $aEnglish language$xSpoken English$zCalifornia$zLos Angeles 606 $aSociolinguistics 615 0$aPragmatics$xSocial aspects. 615 0$aPragmatics$xVariation. 615 0$aEnglish language$xSpoken English 615 0$aSociolinguistics. 676 $a401.45 700 $aStaley$b Larssyn$01652928 801 0$bMiAaPQ 801 1$bMiAaPQ 801 2$bMiAaPQ 906 $aBOOK 912 $a9910808071703321 996 $aSocioeconomic pragmatic variation$94003885 997 $aUNINA